Soil organic matter
محفوظ في:
| المؤلفون الرئيسيون: | , |
|---|---|
| التنسيق: | كتاب |
| اللغة: | الإنجليزية |
| منشور في: |
Amsterdam
Elsevier Scientific
1978
|
| سلاسل: | Developments in Soil Science, 8
|
| الموضوعات: | |
| الوسوم: |
إضافة وسم
لا توجد وسوم, كن أول من يضع وسما على هذه التسجيلة!
|
MARC
| LEADER | 00000nam a2200000 a 4500 | ||
|---|---|---|---|
| 001 | UCU3342 | ||
| 003 | CL-VaPUC | ||
| 008 | 960510e19780000NE |||||||||||||||||eng|d | ||
| 082 | 0 | 4 | |a 577.57 |b SCH |2 21 |
| 100 | 0 | |a Schnitzer, M |e author |9 360219 | |
| 700 | 0 | |a Khan, Shahed U. M |e author |9 360220 | |
| 245 | 1 | 0 | |a Soil organic matter |
| 300 | |a 319 p | ||
| 942 | |c BK | ||
| 945 | |d 19960510 00:00:00 |a rbrito | ||
| 260 | |a Amsterdam |b Elsevier Scientific |c 1978 | ||
| 650 | 0 | |a Ecología |9 258124 | |
| 650 | 0 | |a Suelos |9 260322 | |
| 650 | 0 | |a Química de los suelos |9 358409 | |
| 650 | 7 | |a HUMUS |2 CL-VaPUC |9 264367 | |
| 650 | 7 | |a GENESIS DEL SUELO |2 CL-VaPUC |9 360221 | |
| 650 | 0 | |a Medio ambiente |9 257625 | |
| 650 | 7 | |a TEMPERATURA DEL SUELO |2 CL-VaPUC |9 357452 | |
| 583 | |a last modification |c 19960510 00:00:00 |k Rodrigo Vera | ||
| 490 | 0 | |a Developments in Soil Science, 8 | |
| 999 | |c 247376 |d 247374 | ||